Phong cách lãnh đạo dành cho hiệu trưởng và tuyển tập các mẫu soạn thảo diễn văn, khai mạc, bế mạc, hội nghị, hội thảo, tham luận...thể thức trình bày văn bản dùng trong trường học

Na minha lista:
Detalhes bibliográficos
Autor Corporativo: Bộ Giáo dục và Đào tạo
Formato: Livro
Idioma:Vietnamese
Publicado em: Hà Nội Lao động 2011
Tags: Adicionar Tag
Sem tags, seja o primeiro a adicionar uma tag!
Thư viện lưu trữ: Trung tâm Học liệu Lê Vũ Hùng, Trường Đại học Đồng Tháp
LEADER 00872aam a22001938a 4500
001 00027401
005 20171026081025.0
008 111108s2011 ||||||viesd
020 |c 325000 
041 0 # |a vie 
082 1 4 |a 344.597  |b PH431C 
110 1 # |a Bộ Giáo dục và Đào tạo 
245 1 0 |c Bộ Giáo dục và Đào tạo  |a Phong cách lãnh đạo dành cho hiệu trưởng và tuyển tập các mẫu soạn thảo diễn văn, khai mạc, bế mạc, hội nghị, hội thảo, tham luận...thể thức trình bày văn bản dùng trong trường học 
260 # # |a Hà Nội  |b Lao động  |c 2011 
300 # # |a 505 tr.  |c 29 cm. 
852 # # |b Kho mượn  |j KM.0010981 
852 # # |j KM.0010981 
910 |d 08/11/2011 
980 # # |a Trung tâm Học liệu Lê Vũ Hùng, Trường Đại học Đồng Tháp